01485nam a2200277 4500001000700000003000900007005001700016008004100033040004900074041000800123082002100131110006500152245006200217250002200279260005700301300003300358500013000391505035400521650003800875650006100913651004300974776005001017942001201067999001901079952010901098113595DR-UNIBE20260511101342.0250512b1997 nq ||||| |||| 00| 0 spa d aBIBLIOTECA UNIBEcBIBLIOTECA UNIBEbspaerda aspa 222a345.11 N583c10a Nicaragua. Corte Centroamericana de Justicia9195211eautor13aLa Corte de Managua : bdefensa de su institucionalidad / aPrimera edición aManagua :bCorte Centroamericana de Justicia, c1997 a469 páginas : c21 x 15 cm aIncluye Adenda de mayo 2000 : sentencias pronunciadas por la Corte, después de la preparación y publicación de la obra aCapítulo I: Institucionalidad del centroamericanismo | Capítulo II: El ordenamiento jurídico | Capítulo III: Historia del Tribunal Centroamericano | Capítulo IV: El Tribunal de Managua | Capítulo V: Evaluación del SICA | Capítulo VI: Deformación publicitaria | Capítulo VII: Publicaciones | Capítulo VIII: Conclusiones | Anexos 72lembaTribunal de Managua9204735 72lembaOrdemamiento jurídicozAmérica Central9204736 aAmerica CentralxIntegración919521418tAdenda al libro : La Corte de Managuaw114610 2ddccBK c113595d113595 00102ddc70aPrincipald2025-04-08l0o345.11 N583cp250382r2025-05-12 09:22:23tEj. 1w2025-05-12yBK